Journal of obstetrics and gynaecology

Bibliographic Details
Format: Electronic Journal
Language:English
Published: Bristol, England : John Wright & Sons
Subjects:
Online Access:Full text available from Research Library: 09/01/1997 to 11/30/2000

MARC

LEADER 00000nas a2200000 a 4500
001 ssj0001054
003 WaSeSS
005 20200512172242.0
006 m d
007 cr n
008 971110c19809999enkbx pss 0 0eng c
010 |a  2007233041 
015 |a GBA605383  |2 bnb 
016 7 |a 013358390  |2 Uk 
022 |a 1364-6893  |l 0144-3615  |y 0144-3615 
035 |a (WaSeSS)ssj0001054 
040 |a F#A  |b eng  |c F#A  |d OCL  |d AAA  |d OCL  |d OCLCQ  |d OCL  |d GUA  |d OCLCQ  |d UKMGB  |d OCLCQ  |d OCLCO  |d OCLCQ  |d OCLCF  |d OCLCO  |d OCLCQ  |d WT2  |d NLE  |d OCLCQ  |d TOF  |d WYU  |d VT2  |d OCLCQ  |d WaSeSS 
042 |a pcc 
050 1 4 |a RG1 
082 0 4 |a 618.2 
130 0 |a Journal of obstetrics and gynaecology (Online) 
245 1 0 |a Journal of obstetrics and gynaecology  |h [electronic resource]. 
246 3 |a Journal of obstetrics and gynecology 
260 |a Bristol, England :  |b John Wright & Sons 
310 |a 8 issues a year,  |b 2004- 
321 |a Bimonthly,  |b <1994>-2003 
362 1 |a Print began with v. 1, no. 1 (Aug. 1980). 
500 |a Published: Taylor & Francis, <2004-> 
506 |a License restrictions may limit access. 
525 |a Supplements accompany some issues. 
538 |a Mode of access: World Wide Web. 
588 0 |a Vol. 14, no. 1 (Jan. 1994); title from contents screen (EBSCOhost, viewed Feb. 6, 2007). 
588 1 |a Vol. 26, no. 8 (Nov. 2006) (MetaPress, viewed Feb. 6, 2007). 
650 0 |a Obstetrics  |v Periodicals. 
650 0 |a Gynecology  |v Periodicals. 
650 7 |a Gynecology.  |2 fast  |0 (OCoLC)fst00949684 
650 7 |a Obstetrics.  |2 fast  |0 (OCoLC)fst01042994 
655 0 |a Electronic journals. 
776 0 8 |i Print version:  |t Journal of obstetrics and gynaecology  |x 0144-3615  |w (DLC)sc 84001416  |w (OCoLC)7865410 
856 4 0 |z Full text available from Research Library: 09/01/1997 to 11/30/2000  |u https://search.proquest.com/publication/37193